| 000 | 00574nam a2200217 4500 | ||
|---|---|---|---|
| 001 | 2709015 | ||
| 005 | 20180221033906.0 | ||
| 008 | 691110s1969 nyu b 001 0 eng | ||
| 010 | _a 76077667 | ||
| 040 |
_aDLC _cDLC _dDLC |
||
| 041 | _aeng | ||
| 080 | _a331 | ||
| 082 | 0 | 0 | _a331 REZ |
| 100 | 1 | _a52 | |
| 101 | _aEKO | ||
| 245 | 1 | 0 |
_aAutomation & industrial labor _c[by] Julius Rezler. Consulting editor: Albert Blum. |
| 350 | _a5.95 | ||
| 504 | _aIncludes bibliographical references. | ||
| 906 |
_a7 _bcbc _corignew _du _encip _f19 _gy-gencatlg |
||
| 942 |
_2ddc _cBK |
||
| 999 |
_c42980 _d42980 |
||